[Event "Liljevatnet BGP U14"]
[Site "Liljevatnet"]
[Date "2016.09.25"]
[Round "5"]
[White "Iversen, Henrik"]
[Black "Brattetveit, Olav"]
[Result "1-0"]
[WhiteElo "970"]
[BlackElo "1085"]
[PlyCount "69"]
[EventDate "2016.09.23"]
[EventType "swiss"]
[EventRounds "5"]
[EventCountry "NOR"]
[SourceTitle "EXT 2024"]
[Source "ChessBase"]
[SourceDate "2023.10.10"]
[SourceVersion "1"]
[SourceVersionDate "2023.10.10"]
[SourceQuality "1"]

1. c4 Nf6 2. g3 g6 3. Bg2 Bg7 4. e3 0-0 5. d4 c6 6. Nc3 d5 7. c5 Bf5 8. Nge2 Qd7 9. Nf4 Qc7 10. Bd2 Nbd7 11. 0-0 e5 12. Nfe2 e4 13. Nf4 b6 14. b4 Rab8 15. Rb1 Rb7 16. Qc2 bxc5 17. bxc5 Rfb8 18. Rb3 Nf8 19. Rfb1 Ne6 20. Nce2 Bg4 21. Bf1 Ng5 22. h3 Nf3+ 23. Kh1 Bd7 24. Ng1 Nxd2 25. Qxd2 Rxb3 26. axb3 Bc8 27. Qa2 Bf8 28. b4 Bd7 29. Qa4 Qb7 30. Rb3 Bh6 31. Ba6 Qc7 32. Nge2 Bc8 33. b5 Bxa6 34. Qxa6 cxb5 35. Qxf6 1-0

[Event "Liljevatnet BGP U14"]
[Site "Liljevatnet"]
[Date "2016.09.24"]
[Round "2"]
[White "Brattetveit, Olav"]
[Black "Jeyachandran, Thirukkumaran"]
[Result "1/2-1/2"]
[WhiteElo "1085"]
[BlackElo "930"]
[PlyCount "67"]
[EventDate "2016.09.23"]
[EventType "swiss"]
[EventRounds "5"]
[EventCountry "NOR"]
[SourceTitle "EXT 2024"]
[Source "ChessBase"]
[SourceDate "2023.10.10"]
[SourceVersion "1"]
[SourceVersionDate "2023.10.10"]
[SourceQuality "1"]

1. e4 e6 2. d4 d5 3. Nc3 Bb4 4. e5 c5 5. a3 Bxc3+ 6. bxc3 Ne7 7. Qg4 Ng6 8. h4 h5 9. Qg5 Qa5 10. Bd2 cxd4 11. cxd4 Qa4 12. c3 Qc2 13. Rc1 Qa2 14. c4 Nc6 15. cxd5 Nxd4 16. dxe6 Bxe6 17. Bd3 Nb3 18. Rd1 Nxd2 19. Bxg6 fxg6 20. Rxd2 Qb1+ 21. Rd1 Qe4+ 22. Ne2 Bc4 23. Rd2 Bxe2 24. Rxe2 Qb1+ 25. Kd2 Qxh1 26. Qxg6+ Kf8 27. Qd6+ Kg8 28. Qe6+ Kh7 29. Qf5+ g6 30. Qf7+ Kh6 31. Qf4+ Kg7 32. Qf6+ Kh7 33. Qf7+ Kh6 34. Qf4+ 1/2-1/2